000 00327cam a2200133ua 4500
020 _a81204099949
082 _a631.521
_bAGR/SE
100 _aAgrawal, R L .
245 _aSeed technology /
250 _a1 / 2
260 _aNew Delhi :
_bOxford & IBH Publishing company ,
_c1980.
_c2010
300 _a685 ; . 829
942 _cBK
999 _c7305
_d7305